Taylor Swift - Devine la chanson sans indices #68 - Statistiques

Statistiques générales
  • Ce quiz a été pris 189 fois
  • Le résultat moyen est 153 sur 304
Statistiques - réponses
Réponse % Correct
I
99%
"I
99%
(I
99%
you
97%
you"
97%
You
97%
you)
97%
a
95%
love
95%
the
93%
Oh,
91%
your
90%
me,
86%
me
86%
My
86%
my
86%
To
86%
to
86%
(To
86%
(to
86%
be
84%
In
83%
in
83%
when
81%
and
80%
And
80%
Where
79%
I'm
78%
that
71%
is
70%
like
70%
too
70%
we're
70%
of
69%
They
64%
But
63%
by
62%
are
59%
would
59%
Just
57%
just
57%
want
57%
know)
55%
I'll
54%
there
53%
heart
45%
out
45%
see
45%
eyes
44%
up
44%
every
42%
from
42%
dreams
40%
come
39%
back
38%
nights
36%
Baby,
35%
baby,
35%
wanna
34%
their
33%
yeah
33%
close
32%
tree
31%
home
30%
they're
30%
people
28%
wish
28%
everything
27%
telling
27%
light
26%
blue
25%
There's
25%
Christmas
24%
farm
24%
under
24%
Under
24%
arms
23%
dance
23%
true
23%
alone
22%
isn't
22%
Takes
22%
world
22%
comes
21%
lights
20%
little
20%
feeling
19%
tonight
18%
Sweet
17%
We'd
17%
being
16%
fire
16%
glow
16%
holly
16%
magic
16%
mistletoe
16%
Watching
16%
somewhere
15%
taken
15%
else
14%
icy
14%
Merry
14%
static
14%
remind
13%
shopping
13%
traffic
13%
winter
13%
run
12%
sparkling
12%
coats
11%
cold
11%
fair
11%
forgiven
11%
holiday
11%
ribbon
11%
snow
11%
Stress
11%
town,
11%
flow
10%
Mistakes
10%
mittens
10%
wake
10%
barn
9%
cider
9%
dreaming
9%
pretend
9%
safe
9%
warm
9%
Bundled
8%
(darling)
8%
blanket
7%
inside
7%
kids
7%
sleighs
5%
Aucun quiz correspondant
Distribution des résultats
% des personnes avec chaque résultat
Percentile par nombre de réponses
Votre historique - résultats
Vous n’avez pas pris ce quiz